000 00585nam a2200229Ia 4500
003 OSt
005 20220924145700.0
006 a|||||r|||| 00| 0
007 ta
008 220923b |||||||| |||| 00| 0 tel d
024 _a329809
037 _cTextual
040 _aARTS
_cARTS
_btel
041 _2tel
_atel
082 _a015:gx7,1, 35J1
100 _aDhana Anandavar Au.
_9220327
245 0 _aDhwari sarah
260 _c1951
650 _aSANSKRIT LITERATURE
942 _h015:gx7,1, 35J1
_cTEXL
_2CC
999 _c460839
_d460839